00571nam a2200169Ia 4500001001000000003000500010008004100015010001100056040000900067100002200076245011500098260004600213300001000259440005100269650006200320700001900382Para_4848CHAP220125s1960 xx 000 0 und d a203289 cCHAP aJohnson, George V aInsects and related pests of house plants :b how to control them /c by George V. Johnson and Floyd F. Smith aWashington :b Department of Agriculture a16 p. aEUA. Dept. of. Agri. Home and garden bull.; 67 aPlantas e insectos Plagas agrícolas Control de plagas aSmith, Floyd F